NLSUI OPAC header image

Administrative appeal and extraordinary remedies in sweden (Record no. 4221)

MARC details
000 -LEADER
fixed length control field 00401nam a2200157Ia 4500
008 - FIXED-LENGTH DATA ELEMENTS--GENERAL INFORMATION
fixed length control field 160316s1976 xxu||||| |||| 00| 0 eng d
082 ## - DEWEY DECIMAL CLASSIFICATION NUMBER
Classification number 347.077000
Item number RAG
100 ## - MAIN ENTRY--PERSONAL NAME
Personal name Ragnemalm Hans
245 ## - TITLE STATEMENT
Title Administrative appeal and extraordinary remedies in sweden
250 ## - EDITION STATEMENT
Edition statement
260 ## - PUBLICATION, DISTRIBUTION, ETC.
Place of publication, distribution, etc. Uppsala
Name of publisher, distributor, etc. Nimquist and Wiksell
Date of publication, distribution, etc. 1976
300 ## - PHYSICAL DESCRIPTION
Extent 221p
Other physical details
Dimensions
365 ## - TRADE PRICE
Price amount Rs.17.75
650 ## - SUBJECT ADDED ENTRY--TOPICAL TERM
Topical term or geographic name entry element
700 ## - ADDED ENTRY--PERSONAL NAME
Personal name
--
Holdings
Withdrawn status Lost status Damaged status Not for loan Home library Current library Shelving location Date acquired Cost, normal purchase price Total Checkouts Full call number Barcode Date last seen Price effective from Koha item type Public note
        . .   30.05.2017 17.75   347.077 RAG 4389 30.05.2017 30.05.2017 BOOKs PAMPHLET TYPE